Aportación del Instituto de Censores Jurados de Cuentas de España al Seminario sobre "Contabilidad y Auditoria en España ante la Comunidad Económica Europea / (Record no. 182264)

MARC details
000 -LEADER
campo de control de longitud fija 00980nam a2200193 i 4500
001 - NÚMERO DE CONTROL
campo de control 182264
003 - IDENTIFICADOR DE NÚMERO DE CONTROL
campo de control ES-MaACL
005 - FECHA Y HORA DE LA ÚLTIMA TRANSACCIÓN
campo de control 20230906221552.0
008 - DATOS DE LONGITUD FIJA--INFORMACIÓN GENERAL
campo de control de longitud fija 130729s1985 sp |||| | spa d
100 0# - ENTRADA PRINCIPAL--NOMBRE DE PERSONA
Nombre de persona Pont Mestres, Magin.
9 (RLIN) 93043
245 10 - MENCIÓN DEL TÍTULO
Título Aportación del Instituto de Censores Jurados de Cuentas de España al Seminario sobre "Contabilidad y Auditoria en España ante la Comunidad Económica Europea /
Mención de responsabilidad, etc. por Magín Pont Mestres.
260 ## - PUBLICACIÓN, DISTRIBUCIÓN, ETC.
Lugar de publicación, distribución, etc. Madrid :
Nombre del editor, distribuidor, etc. Instituto de Censores Jurados de Cuentas de España,
Fecha de publicación, distribución, etc. 1985.
300 ## - DESCRIPCIÓN FÍSICA
Extensión 22 p. ;
Dimensiones 20 cm.
500 ## - NOTA GENERAL
Nota general En cubierta: Aportación del I.C.J.C.E. al Seminario sobre "Contabilidad y Auditoria ante la C.E.E.", celebrado en la Universidad Internacional Menéndez Pelayo de Santander, los días 15 a 18 de julio de 1985.
650 04 - PUNTO DE ACCESO ADICIONAL DE MATERIA--TÉRMINO DE MATERIA
Término de materia o nombre geográfico como elemento de entrada Auditoría-
Subdivisión geográfica España.
9 (RLIN) 10413
650 04 - PUNTO DE ACCESO ADICIONAL DE MATERIA--TÉRMINO DE MATERIA
Término de materia o nombre geográfico como elemento de entrada Contabilidad-
Subdivisión geográfica España.
9 (RLIN) 11308
710 0# - ENTRADA AGREGADA--NOMBRE DE ENTIDAD CORPORATIVA
Nombre de entidad corporativa o nombre de jurisdicción como elemento de entrada Instituto de Censores Jurados de Cuentas de España.
9 (RLIN) 4830
852 ## - LOCALIZACIÓN
Ubicación ES-MaACL
Número de control de estantería 2316-F-12
Holdings
Estatus retirado Estado de pérdida Estado de daño No para préstamo Colección Biblioteca de origen Biblioteca actual Ubicación en estantería Fecha de adquisición Fuente de adquisición Total de préstamos Signatura topográfica completa Código de barras Visto por última vez Precio de reemplazo Tipo de ítem Koha
        Colección de folletos Biblioteca del Ateneo de Madrid Biblioteca del Ateneo de Madrid Depósito folletos 29/07/2013     2316-F-12 1191540 23/02/2023 23/02/2023 Folleto